[Event "2015 Canadian Closed"]
[Site "Guelph, Ontario"]
[Date "2015.07.11"]
[Round "3.1"]
[White "Cao, Jason"]
[Black "Sambuev, Bator"]
[Result "1/2-1/2"]
[WhiteElo "2439"]
[BlackElo "2642"]
[PlyCount "114"]
[EventDate "2015.??.??"]
[SourceDate "2015.07.10"]
[TimeControl "40/5400+30:1800+30"]

1. e4 e5 2. Nf3 d6 3. d4 Nf6 4. dxe5 Nxe4 5. Qd5 Nc5 6. Bg5 Qd7 7. Nc3 c6 8.
Qd2 dxe5 9. Nxe5 Qxd2+ 10. Bxd2 Nbd7 11. Nxd7 Bxd7 12. O-O-O Be6 13. Be3 Be7
14. Be2 O-O 15. Bf3 a5 16. Ne4 Nxe4 17. Bxe4 Rfe8 18. a3 f5 19. Bf3 Kf7 20. g3
Rad8 21. h4 Rxd1+ 22. Rxd1 Bd8 23. Bd4 g6 24. a4 h5 25. Bc5 Bc7 26. Bd6 Bb6 27.
Rd2 Rd8 28. Bf4 Rxd2 29. Kxd2 Bxf2 30. b3 Bb6 31. Kd3 Ke7 32. Bg5+ Kd7 33. Bf4
Bc5 34. c4 Bf7 35. Kc3 Ke6 36. Kd3 Be8 37. Bd2 Bd6 38. Bf4 Be5 39. Ke3 b5 40.
Kd3 bxa4 41. bxa4 c5 42. Bd1 Bc6 43. Ke3 Bd4+ 44. Ke2 Be4 45. Kd2 Bg2 46. Be2
Bh3 47. Bf3 Be5 48. Bd5+ Kf6 49. Bg5+ Kg7 50. Bf4 Bxf4+ 51. gxf4 Bf1 52. Ke3
Kf6 53. Kf2 Bd3 54. Ke3 Bb1 55. Bc6 Ke7 56. Bb5 Be4 57. Kf2 Bb7 1/2-1/2

[Event "2015 Canadian Closed"]
[Site "Guelph, Ontario"]
[Date "2015.07.11"]
[Round "3.6"]
[White "Barron, Michael"]
[Black "Gerzhoy, Leonid"]
[Result "0-1"]
[WhiteElo "2306"]
[BlackElo "2538"]
[PlyCount "98"]
[EventDate "2015.??.??"]
[SourceDate "2015.07.10"]

1. e4 d6 2. d4 Nf6 3. Nc3 e5 4. Nf3 Nbd7 5. Bc4 Be7 6. O-O O-O 7. Re1 c6 8. a4
b6 9. d5 cxd5 10. Bxd5 Nxd5 11. Nxd5 Bb7 12. b3 Nf6 13. Nxe7+ Qxe7 14. Bg5 h6
15. Bxf6 Qxf6 16. Qd3 Rad8 17. c4 Qf4 18. Nd2 f5 19. f3 fxe4 20. fxe4 Qf2+ 21.
Kh1 Bc8 22. Rf1 Qc5 23. Rxf8+ Rxf8 24. Rf1 Rxf1+ 25. Nxf1 Be6 26. Ne3 Qd4 27.
Qxd4 exd4 28. Nf1 Bg4 29. Kg1 Bd1 30. Nd2 Kf7 31. Kf2 Kf6 32. Ke1 Bc2 33. Ke2
a5 34. Nf3 Bxb3 35. Kd3 Bxa4 36. Nxd4 Bd7 37. Nc2 Ke5 38. Ne1 Bc6 39. Nf3+ Kf4
40. Nd2 a4 41. g3+ Kg4 42. Kc3 Kh3 43. Nf3 Bxe4 44. Nd4 Kxh2 45. Nb5 Kxg3 46.
Nxd6 Kf4 47. Nc8 h5 48. Nxb6 h4 49. Nxa4 h3 0-1

[Event "2015 Canadian Closed"]
[Site "Guelph, Ontario"]
[Date "2015.07.11"]
[Round "3.7"]
[White "Preotu, Razvan"]
[Black "Dougherty, Michael"]
[Result "1-0"]
[WhiteElo "2636"]
[BlackElo "2285"]
[PlyCount "37"]
[EventDate "2015.??.??"]
[SourceDate "2015.07.10"]
[TimeControl "40/5400+30:1800+30"]

1. e4 c6 2. d4 d5 3. e5 c5 4. Nf3 Nc6 5. c4 cxd4 6. Nxd4 e6 7. Nc3 Bb4 8. Nxc6
bxc6 9. Qa4 Bxc3+ 10. bxc3 Ne7 11. Bd3 O-O 12. O-O Ng6 13. Qxc6 Bd7 14. Qd6
dxc4 15. Be4 Rb8 16. Be3 Ba4 17. Bxa7 Rb5 18. Qxd8 Rxd8 19. Bc6 1-0

[Event "2015 Canadian Closed"]
[Site "Guelph, Ontario"]
[Date "2015.07.11"]
[Round "3.8"]
[White "Yam, Alex"]
[Black "Haessel, Dale"]
[Result "0-1"]
[WhiteElo "2384"]
[BlackElo "2274"]
[PlyCount "50"]
[EventDate "2015.??.??"]
[SourceDate "2015.07.10"]

1. Nf3 Nf6 2. c4 c5 3. Nc3 d5 4. cxd5 Nxd5 5. g3 Nc6 6. Bg2 g6 7. d3 Bg7 8. Bd2
O-O 9. Qc1 b6 10. Bh6 Bb7 11. Bxg7 Kxg7 12. O-O e5 13. Re1 Qd7 14. h4 Nf6 15.
a3 Rae8 16. b4 Nd4 17. Nxd4 cxd4 18. Bxb7 Qxb7 19. Nb5 Qd7 20. a4 Qh3 21. e4
Ng4 22. Qd2 f5 23. Rac1 fxe4 24. Rc7+ Kh8 25. Nd6 Qh2+ 0-1

[Event "2015 Canadian Closed"]
[Site "Guelph, Ontario"]
[Date "2015.07.11"]
[Round "3.9"]
[White "Wan, Kevin"]
[Black "Gentes, Kevin"]
[Result "1/2-1/2"]
[WhiteElo "2302"]
[BlackElo "2353"]
[PlyCount "89"]
[EventDate "2015.??.??"]
[SourceDate "2015.07.10"]

1. e4 e5 2. Nf3 Nc6 3. Bb5 a6 4. Bxc6 dxc6 5. O-O f6 6. d4 Bg4 7. c3 Bd6 8. h3
Bh5 9. Be3 Ne7 10. Nbd2 O-O 11. Qc2 Qd7 12. Rad1 Kh8 13. Qd3 Qe6 14. b3 Rad8
15. Kh1 c5 16. dxe5 fxe5 17. Bg5 h6 18. Bh4 g5 19. Bg3 Ng6 20. Qd5 Qxd5 21.
exd5 e4 22. Nxe4 Rxf3 23. Nxd6 cxd6 24. gxf3 Bxf3+ 25. Kg1 Bxd1 26. Rxd1 Ne7
27. c4 Nf5 28. Re1 Kg7 29. Re6 Kf7 30. Kg2 h5 31. f3 b5 32. Be1 Re8 33. Rxe8
Kxe8 34. Bd2 bxc4 35. bxc4 Nh4+ 36. Kf2 Ng6 37. Bxg5 Ne5 38. Ke3 Nxc4+ 39. Ke4
Nb6 40. Bd2 Kf7 41. Bf4 Ke7 42. Bg5+ Kf7 43. f4 Nd7 44. Kd3 Nb6 45. Ke4 1/2-1/2

[Event "2015 Canadian Closed"]
[Site "Guelph, Ontario"]
[Date "2015.07.11"]
[Round "3.10"]
[White "Humphreys, Michael"]
[Black "Zhou, Qiyu"]
[Result "1/2-1/2"]
[WhiteElo "2348"]
[BlackElo "2221"]
[PlyCount "124"]
[EventDate "2015.??.??"]
[SourceDate "2015.07.10"]

1. d4 d5 2. c4 e6 3. Nc3 Nf6 4. Nf3 Be7 5. Bf4 O-O 6. e3 b6 7. Bd3 Bb7 8. cxd5
exd5 9. O-O c5 10. Ne5 Nbd7 11. Qf3 Re8 12. Bb5 cxd4 13. Bxd7 Nxd7 14. Nxf7 Qc8
15. Nb5 Kxf7 16. Rac1 Nc5 17. exd4 Qd7 18. Nd6+ Bxd6 19. Bxd6+ Kg8 20. dxc5
bxc5 21. Bxc5 a6 22. Bd4 Rac8 23. Qb3 Re4 24. Rxc8+ Qxc8 25. Qc3 Qxc3 26. Bxc3
d4 27. f3 Rf4 28. Bd2 Rf7 29. Rc1 Rd7 30. Kf2 Kf7 31. Ba5 Ke6 32. Ke2 Kd5 33.
Kd3 Bc6 34. Bb4 Bb5+ 35. Kd2 Rd8 36. b3 Re8 37. Rc5+ Ke6 38. a4 Bf1 39. Ke1 Bd3
40. Ba3 Kf7+ 41. Kd2 Bf1 42. Rc7+ Kg8 43. Bc5 Re2+ 44. Kd1 Rxg2 45. Bxd4 Be2+
46. Kd2 Bxf3+ 47. Ke3 Bd1 48. Rb7 Rxh2 49. Rxg7+ Kf8 50. Ra7 Bxb3 51. Rxa6 Ra2
52. a5 Bc4 53. Ra7 h5 54. Rc7 Ba6 55. Bc5+ Kg8 56. Bb6 h4 57. Rc5 h3 58. Rh5
Bf1 59. Bc7 Bg2 60. Rf5 Kh7 61. Rh5+ Kg6 62. Rh8 Kf7 1/2-1/2

[Event "2015 Canadian Closed"]
[Site "Guelph, Ontario"]
[Date "2015.07.11"]
[Round "3.11"]
[White "Hamilton, Robert"]
[Black "Oussedik, Elias"]
[Result "0-1"]
[WhiteElo "2279"]
[BlackElo "2328"]
[PlyCount "101"]
[EventDate "2015.??.??"]
[SourceDate "2015.07.10"]

1. d4 e6 2. c4 Nf6 3. Nf3 c5 4. d5 d6 5. Nc3 exd5 6. cxd5 g6 7. e4 a6 8. a4 Bg4
9. Be2 Bxf3 10. Bxf3 Nbd7 11. Bf4 Qe7 12. O-O Bg7 13. Re1 O-O 14. Qd2 Rfe8 15.
Bg5 Rac8 16. a5 Qf8 17. Bd1 h6 18. Bf4 g5 19. Bg3 Ne5 20. Na4 Nfd7 21. Rc1 Qe7
22. Be2 Qf6 23. b4 c4 24. Bxe5 Nxe5 25. Nb6 Rc7 26. Bxc4 g4 27. Bf1 Rxc1 28.
Rxc1 h5 29. Rc7 h4 30. Nd7 Qe7 31. Qf4 Nxd7 32. Qxg4 Rd8 33. Qf5 Qe8 34. Rxb7
Nf6 35. f3 Qa4 36. g4 hxg3 37. hxg3 Qa1 38. g4 Qd4+ 39. Kg2 Qd2+ 40. Kh3 Qc1
41. Bg2 Rf8 42. b5 Nh7 43. bxa6 Be5 44. g5 Nxg5+ 45. Kh4 Nh7 46. f4 Bxf4 47. a7
Kg7 48. Rb8 Qe1+ 49. Kh5 Nf6+ 50. Qxf6+ Kxf6 51. Bh3 0-1

[Event "2015 Canadian Closed"]
[Site "Guelph, Ontario"]
[Date "2015.07.11"]
[Round "3.15"]
[White "Doknjas, John"]
[Black "Filipovich, David"]
[Result "1/2-1/2"]
[WhiteElo "2316"]
[BlackElo "2198"]
[PlyCount "47"]
[EventDate "2015.??.??"]
[SourceDate "2015.07.10"]

1. d4 g6 2. c4 Bg7 3. e4 d6 4. Nc3 e5 5. dxe5 dxe5 6. Qxd8+ Kxd8 7. Be3 Be6 8.
Nf3 f6 9. Rd1+ Nd7 10. Be2 Bh6 11. Bc5 Kc8 12. Ba3 Bf8 13. Bxf8 Nxf8 14. O-O
Nh6 15. h3 Nf7 16. c5 c6 17. b4 Nd7 18. a3 Kc7 19. Nd2 Rhd8 20. Bc4 Nf8 21.
Bxe6 Nxe6 22. Nb3 Rxd1 23. Rxd1 Rd8 24. Rxd8 1/2-1/2

[Event "2015 Canadian Closed"]
[Site "Guelph, Ontario"]
[Date "2015.07.11"]
[Round "3.16"]
[White "Shi, Diwen"]
[Black "Chen, Richard"]
[Result "1-0"]
[WhiteElo "2214"]
[BlackElo "2297"]
[PlyCount "129"]
[EventDate "2015.??.??"]
[SourceDate "2015.07.10"]

1. e4 e6 2. d4 d5 3. Nc3 Bb4 4. exd5 exd5 5. Bd3 Nc6 6. a3 Bxc3+ 7. bxc3 Nge7
8. Qf3 Be6 9. Ne2 Qd7 10. Ng3 O-O-O 11. O-O h5 12. h4 Rdg8 13. Re1 f6 14. Qe2
Bf7 15. f4 Kb8 16. Be3 Qg4 17. Qxg4 hxg4 18. Bf2 Rxh4 19. Nf5 Nxf5 20. Bxf5
Rhh8 21. Bxg4 g5 22. f5 Re8 23. Bg3 Na5 24. Kf2 Nc4 25. Rxe8+ Rxe8 26. Rh1 Ne3
27. Kf3 Nxc2 28. Rh6 Nxa3 29. Rxf6 Re7 30. Rh6 Nc4 31. f6 Re8 32. Rh7 Nd2+ 33.
Kf2 Ne4+ 34. Kf3 Rf8 35. Be5 a5 36. Bf5 Nxf6 37. Bxf6 Bg6 38. Bxg6 Rxf6+ 39.
Bf5 Rxf5+ 40. Kg4 Rf2 41. g3 Rc2 42. Kxg5 Rxc3 43. g4 Rc4 44. Kf6 Rxd4 45. g5
Rg4 46. g6 b5 47. Rh5 Rxg6+ 48. Kxg6 Kb7 49. Rxd5 c6 50. Rd1 b4 51. Kf5 Kb6 52.
Ke4 Kb5 53. Kd3 c5 54. Kc2 a4 55. Rd8 c4 56. Rb8+ Kc5 57. Rc8+ Kb5 58. Rb8+ Kc5
59. Kb2 c3+ 60. Kc2 Kc4 61. Rc8+ Kb5 62. Ra8 a3 63. Kb3 Kb6 64. Rb8+ Kc5 65.
Rxb4 1-0

[Event "2015 Canadian Closed"]
[Site "Guelph, Ontario"]
[Date "2015.07.11"]
[Round "3.17"]
[White "Jung, Hans"]
[Black "Doknjas, Joshua"]
[Result "1/2-1/2"]
[WhiteElo "2294"]
[BlackElo "2083"]
[PlyCount "80"]
[EventDate "2015.??.??"]
[SourceDate "2015.07.10"]

1. Nc3 c5 2. e4 a6 3. g3 b5 4. Bg2 Bb7 5. Nge2 e6 6. d3 Nf6 7. O-O d6 8. h3 Qc7
9. f4 Nbd7 10. Qe1 Nb6 11. Bd2 Be7 12. Nd1 Nfd7 13. Ne3 d5 14. f5 d4 15. fxe6
fxe6 16. Nf4 dxe3 17. Qxe3 O-O 18. Nxe6 Rxf1+ 19. Rxf1 Qe5 20. Nf4 Qd4 21. Qxd4
cxd4 22. Ne6 Bf6 23. Rf2 Re8 24. Nf4 Be5 25. h4 Nf6 26. Ne2 Ng4 27. Rf1 Ne3 28.
Bxe3 dxe3 29. c3 Rf8 30. Rxf8+ Kxf8 31. b3 Bc8 32. Bf3 a5 33. Kf1 a4 34. d4 Bb8
35. Nf4 Ba6 36. Ke2 b4+ 37. Kxe3 bxc3 38. Bd1 axb3 39. axb3 Ke7 40. Bc2 g6
1/2-1/2

[Event "2015 Canadian Closed"]
[Site "Guelph, Ontario"]
[Date "2015.07.11"]
[Round "3.18"]
[White "Song, Guannan Terry"]
[Black "Li, Yinshi"]
[Result "1/2-1/2"]
[WhiteElo "2202"]
[BlackElo "2211"]
[PlyCount "27"]
[EventDate "2015.??.??"]
[SourceDate "2015.07.10"]

1. d4 Nf6 2. Bg5 d5 3. Bxf6 exf6 4. e3 Be6 5. Bd3 c5 6. c3 Nc6 7. Ne2 Bd6 8.
Nd2 O-O 9. O-O Rc8 10. Ng3 Qd7 11. Qh5 g6 12. Qh6 f5 13. Nh5 gxh5 14. Qg5+
1/2-1/2

[Event "2015 Canadian Closed"]
[Site "Guelph, Ontario"]
[Date "2015.07.11"]
[Round "3.19"]
[White "Manley, Jason"]
[Black "Drkulec, Vlad"]
[Result "1/2-1/2"]
[WhiteElo "2164"]
[BlackElo "1950"]
[PlyCount "96"]
[EventDate "2015.??.??"]
[SourceDate "2015.07.10"]
[TimeControl "40/5400+30:1800+30"]

1. e4 c5 2. c3 d5 3. exd5 Qxd5 4. d4 Nf6 5. Nf3 Nc6 6. Be2 Bf5 7. Na3 cxd4 8.
Nb5 O-O-O 9. Nbxd4 Nxd4 10. Qxd4 Qxd4 11. Nxd4 Bg6 12. Bf4 a6 13. O-O-O e6 14.
Nc6 Rxd1+ 15. Rxd1 Bc5 16. Nd4 Re8 17. Be3 Nd5 18. Bd3 Nxe3 19. fxe3 Bxd3 20.
Rxd3 Rd8 21. Kd2 Be7 22. Ke2 Bf6 23. Nf3 Rd7 24. Nd2 Be5 25. g3 h5 26. Nf3 Bf6
27. h3 Kd8 28. e4 Rxd3 29. Kxd3 Kd7 30. Nd2 Be5 31. g4 hxg4 32. hxg4 Bf4 33.
Nb3 b6 34. a4 a5 35. Nd4 Bd6 36. Kc4 g6 37. Kb5 Bc5 38. Nf3 f6 39. Nd2 f5 40.
exf5 exf5 41. gxf5 gxf5 42. Kc4 Ke6 43. Nf3 f4 44. b4 axb4 45. cxb4 Bd6 46. a5
bxa5 47. bxa5 Kd7 48. Kb5 Kc7 1/2-1/2

[Event "2015 Canadian Closed"]
[Site "Guelph, Ontario"]
[Date "2015.07.11"]
[Round "3.20"]
[White "Schneider, Corin"]
[Black "Kiviaho, Robert"]
[Result "0-1"]
[WhiteElo "1885"]
[BlackElo "2161"]
[PlyCount "74"]
[EventDate "2015.??.??"]
[SourceDate "2015.07.10"]
[TimeControl "40/5400+30:1800+30"]

1. d4 Nf6 2. Nf3 g6 3. Bf4 Bg7 4. e3 c5 5. c4 O-O 6. Be2 d5 7. O-O cxd4 8. exd4
Nc6 9. h3 Bf5 10. Nc3 Rc8 11. c5 Ne4 12. Rc1 Qd7 13. Bb5 Rfd8 14. b4 Bxh3 15.
gxh3 Qxh3 16. Bxc6 Rxc6 17. Nxe4 dxe4 18. Ne5 Rf6 19. Qd2 Rxd4 20. Qxd4 Rxf4
21. Rc3 Rg4+ 22. Nxg4 Qxg4+ 23. Rg3 Qxg3+ 24. fxg3 Bxd4+ 25. Kg2 Kf8 26. Rd1 e5
27. Re1 f5 28. g4 Ke7 29. gxf5 gxf5 30. Rh1 Kd7 31. Rh6 f4 32. a4 e3 33. Kf1 f3
34. Rxh7+ Kc6 35. Rh1 e2+ 36. Ke1 Bc3+ 37. Kf2 Bxb4 0-1

[Event "2015 Canadian Closed"]
[Site "Guelph, Ontario"]
[Date "2015.07.11"]
[Round "3.21"]
[White "Zhong, Joey"]
[Black "Doknjas, Neil"]
[Result "1-0"]
[WhiteElo "2114"]
[BlackElo "1789"]
[PlyCount "97"]
[EventDate "2015.??.??"]
[SourceDate "2015.07.10"]

1. e4 e5 2. Nf3 Nf6 3. Nc3 Nc6 4. Bb5 Bc5 5. O-O d6 6. d4 exd4 7. Nxd4 Bxd4 8.
Qxd4 O-O 9. Bxc6 bxc6 10. Bg5 c5 11. Qd3 Bb7 12. f4 Re8 13. Rae1 h6 14. Bh4 Qc8
15. Bxf6 gxf6 16. f5 Kh7 17. Rf4 Rg8 18. Rh4 Qf8 19. Re3 Rg5 20. Reh3 a6 21.
Qd2 Qg7 22. Rxh6+ Kg8 23. Rh7 Qxh7 24. Rxh7 Kxh7 25. Nd5 Kg7 26. Nxc7 Bxe4 27.
Nxa8 Bxa8 28. g3 Rxf5 29. Qxd6 Rd5 30. Qxa6 Rd1+ 31. Kf2 Bd5 32. Qd6 Bf3 33.
Qxc5 Bg4 34. Qe3 Rh1 35. Kg2 Rb1 36. Qd4 Be6 37. a4 Rc1 38. Qd2 Rb1 39. b4 Rb2
40. Qc3 Ra2 41. a5 Bf5 42. Qd4 Rxc2+ 43. Kf3 Rc8 44. g4 Be6 45. g5 Rc4 46.
Qxf6+ Kg8 47. b5 Rc5 48. Qd8+ Kg7 49. Qd4+ 1-0

[Event "2015 Canadian Closed"]
[Site "Guelph, Ontario"]
[Date "2015.07.12"]
[Round "4.6"]
[White "Plotkin, Victor"]
[Black "Zhu, Hong Rui"]
[Result "1/2-1/2"]
[WhiteElo "2400"]
[BlackElo "2304"]
[PlyCount "46"]
[EventDate "2015.??.??"]
[SourceDate "2015.07.10"]
[TimeControl "40/5400+30:1800+30"]

1. e4 c5 2. c3 Nf6 3. e5 Nd5 4. d4 cxd4 5. Nf3 e6 6. cxd4 d6 7. Bd3 Nb4 8. O-O
Nxd3 9. Qxd3 Be7 10. Nc3 d5 11. Bf4 O-O 12. Rfc1 Bd7 13. a3 a5 14. Qd2 Nc6 15.
Be3 Rb8 16. a4 Qb6 17. Qe2 Nb4 18. Ne1 Rfc8 19. b3 Qa6 20. Nb5 Rc6 21. Nd3 Nxd3
22. Qxd3 Rbc8 23. Kf1 Rxc1+ 1/2-1/2

[Event "2015 Canadian Closed"]
[Site "Guelph, Ontario"]
[Date "2015.07.12"]
[Round "4.8"]
[White "Haessel, Dale"]
[Black "Humphreys, Michael"]
[Result "0-1"]
[WhiteElo "2274"]
[BlackElo "2348"]
[PlyCount "40"]
[EventDate "2015.??.??"]
[SourceDate "2015.07.10"]
[TimeControl "40/5400+30:1800+30"]

1. d4 Nf6 2. c4 g6 3. Nc3 Bg7 4. e4 d6 5. h3 O-O 6. Nf3 Qe8 7. g4 c5 8. dxc5
Na6 9. cxd6 exd6 10. Bd3 Nc5 11. Qe2 Nxd3+ 12. Qxd3 Be6 13. Bf4 Rc8 14. Nd2 Qc6
15. Nd5 Bxd5 16. cxd5 Qb6 17. O-O Nd7 18. Qb3 Be5 19. Qxb6 axb6 20. Bxe5 Nxe5
0-1

[Event "2015 Canadian Closed"]
[Site "Guelph, Ontario"]
[Date "2015.07.12"]
[Round "4.10"]
[White "Gentes, Kevin"]
[Black "Buscar, Michael"]
[Result "1-0"]
[WhiteElo "2353"]
[BlackElo "2245"]
[PlyCount "103"]
[EventDate "2015.??.??"]
[SourceDate "2015.07.10"]
[TimeControl "40/5400+30:1800+30"]

1. Nf3 d6 2. d4 Bg4 3. c4 c6 4. Nc3 Nd7 5. e4 e5 6. Be2 Qc7 7. O-O Ngf6 8. Be3
Be7 9. d5 O-O 10. h3 Bh5 11. g4 Bg6 12. Nd2 Nc5 13. f3 Nfd7 14. b4 Na6 15. a3
Qd8 16. dxc6 bxc6 17. c5 Nab8 18. cxd6 Bxd6 19. Nc4 Bc7 20. Na4 Qe7 21. Qc2 Rc8
22. Kg2 Nf8 23. Nc5 Nbd7 24. Rfd1 Nb6 25. Qc3 Nxc4 26. Bxc4 Bb6 27. Rd2 a5 28.
Rad1 axb4 29. axb4 Rd8 30. Rxd8 Rxd8 31. Rxd8 Bxd8 32. Nd3 Bc7 33. Bb3 Bd6 34.
Ba4 Ne6 35. Bxc6 Nf4+ 36. Nxf4 exf4 37. Bc5 h5 38. Bd5 Qc7 39. Qc4 Be5 40. b5
Qa5 41. Qb4 Qa1 42. b6 Kh7 43. b7 Bb8 44. Qa3 Qb1 45. Qa8 Qb2+ 46. Bf2 Qe5 47.
Qa5 f6 48. Qd8 Be8 49. Qc8 Kg6 50. Be6 Bb5 51. Qg8 f5 52. Qf7+ 1-0

[Event "2015 Canadian Closed"]
[Site "Guelph, Ontario"]
[Date "2015.07.12"]
[Round "4.11"]
[White "Zhou, Qiyu"]
[Black "Barron, Michael"]
[Result "1/2-1/2"]
[WhiteElo "2221"]
[BlackElo "2306"]
[PlyCount "83"]
[EventDate "2015.??.??"]
[SourceDate "2015.07.10"]
[TimeControl "40/5400+30:1800+30"]

1. d4 f5 2. c4 Nf6 3. Nc3 d6 4. Bg5 Nbd7 5. Qc2 g6 6. h4 Bg7 7. O-O-O O-O 8.
Nh3 Re8 9. e3 c6 10. Be2 Qc7 11. h5 e5 12. hxg6 hxg6 13. Rdg1 Nh7 14. g4 Ndf8
15. dxe5 dxe5 16. c5 Kh8 17. gxf5 Bxf5 18. e4 Be6 19. Be3 Kg8 20. Kb1 b5 21. b3
a5 22. Bg4 Bf7 23. Qc1 Qe7 24. Rd1 Red8 25. Rxd8 Rxd8 26. Rd1 Nf6 27. Bf3 Ne6
28. Ng5 Nd4 29. Nxf7 Kxf7 30. Bxd4 exd4 31. Ne2 d3 32. Nf4 Nxe4 33. Rxd3 Rxd3
34. Nxd3 Nc3+ 35. Kc2 Qf6 36. Qf4 Qxf4 37. Nxf4 Nxa2 38. Nd3 Nb4+ 39. Nxb4 axb4
40. Bxc6 Bd4 41. Bxb5 Bxc5 42. f3 1/2-1/2

[Event "2015 Canadian Closed"]
[Site "Guelph, Ontario"]
[Date "2015.07.12"]
[Round "4.12"]
[White "Dougherty, Michael"]
[Black "Shi, Diwen"]
[Result "1/2-1/2"]
[WhiteElo "2285"]
[BlackElo "2214"]
[PlyCount "98"]
[EventDate "2015.??.??"]
[SourceDate "2015.07.10"]
[TimeControl "40/5400+30:1800+30"]

1. d4 Nf6 2. c4 e6 3. Nf3 d5 4. Nc3 Bb4 5. e3 O-O 6. a3 Bxc3+ 7. bxc3 c5 8.
cxd5 Qxd5 9. c4 Qd8 10. Bd3 Qc7 11. O-O b6 12. Bb2 Nbd7 13. d5 Qd6 14. e4 e5
15. Nh4 g6 16. g3 Qe7 17. Qd2 Ne8 18. Rae1 Nd6 19. f4 f6 20. Nf3 Ba6 21. fxe5
Nxe5 22. Nxe5 fxe5 23. Qc3 Rae8 24. Bc1 Qg7 25. a4 Bc8 26. Kg2 Nb7 27. Rxf8+
Rxf8 28. Rf1 Rxf1 29. Bxf1 Qf6 30. Bf4 Nd6 31. Qxe5 Qxe5 32. Bxe5 Nxe4 33. Bd3
Nd2 34. Bf4 Nb3 35. Bb8 a5 36. Bc7 Bd7 37. Bc2 Nd2 38. Bxb6 Nxc4 39. Bxc5 Nb2
40. Bb3 Kf7 41. Kf3 Bxa4 42. d6+ Ke8 43. Be6 Bd7 44. Bg8 Nd3 45. Bb6 a4 46. Ke4
Kf8 47. Bc4 Nc1 48. Bd4 Nb3 49. Bf6 Nd2+ 1/2-1/2

[Event "2015 Canadian Closed"]
[Site "Guelph, Ontario"]
[Date "2015.07.12"]
[Round "4.13"]
[White "Doknjas, Joshua"]
[Black "Yam, Alex"]
[Result "0-1"]
[WhiteElo "2083"]
[BlackElo "2384"]
[PlyCount "118"]
[EventDate "2015.??.??"]
[SourceDate "2015.07.10"]
[TimeControl "40/5400+30:1800+30"]

1. e4 d5 2. exd5 Nf6 3. Bb5+ Bd7 4. Bc4 Bg4 5. f3 Bc8 6. Nc3 Nbd7 7. d4 Nb6 8.
Bb3 a5 9. a3 a4 10. Ba2 Nbxd5 11. Nxd5 Nxd5 12. c4 Nb6 13. Be3 Bf5 14. Ne2 e6
15. O-O Be7 16. Qd2 O-O 17. Ng3 Bg6 18. Rad1 c6 19. Qf2 Ra6 20. f4 Bh4 21. Qe2
f5 22. Nh1 Kh8 23. Nf2 Bxf2+ 24. Bxf2 Bf7 25. Rfe1 Re8 26. h3 Nd7 27. Bb1 Qb8
28. Qe3 b5 29. c5 b4 30. g4 Ra8 31. Qf3 fxg4 32. hxg4 Nf6 33. Re5 bxa3 34. bxa3
Qb3 35. Re3 Qd5 36. Qxd5 exd5 37. g5 Ne4 38. Rde1 Bg6 39. Bc2 Reb8 40. Rb1
Rxb1+ 41. Bxb1 Rb8 42. Bxe4 dxe4 43. Be1 Rb1 44. Kf2 Kg8 45. Bb4 Kf7 46. Re1
Rb3 47. Re3 Ke6 48. Rc3 Kd5 49. Ke3 h5 50. gxh6 gxh6 51. Rxb3 axb3 52. Bc3 h5
53. a4 Kc4 54. Bb2 Kb4 55. Bc1 Kxa4 56. f5 Bxf5 57. Kf4 Bg6 58. d5 cxd5 59. c6
Be8 0-1

[Event "2015 Canadian Closed"]
[Site "Guelph, Ontario"]
[Date "2015.07.12"]
[Round "4.14"]
[White "Song, Guannan Terry"]
[Black "Doknjas, John"]
[Result "1/2-1/2"]
[WhiteElo "2202"]
[BlackElo "2316"]
[PlyCount "110"]
[EventDate "2015.??.??"]
[SourceDate "2015.07.10"]
[TimeControl "40/5400+30:1800+30"]

1. e4 c5 2. Nc3 a6 3. Nf3 d6 4. d4 cxd4 5. Nxd4 Nf6 6. Be3 e5 7. Nb3 Be7 8. f3
Be6 9. Qd2 O-O 10. O-O-O Nbd7 11. g4 b5 12. Rg1 b4 13. Nd5 Bxd5 14. exd5 a5 15.
g5 Nh5 16. Kb1 Qc7 17. Bb5 Nb6 18. Nc5 Nxd5 19. Qxd5 dxc5 20. Bd3 g6 21. Qc4
Rad8 22. h4 a4 23. Rg4 Rd7 24. Rf1 a3 25. Re1 axb2 26. Kxb2 Qa5 27. Qb3 Ra8 28.
Kb1 Bf8 29. Bc1 Bg7 30. Bb2 Qc7 31. Rge4 Re7 32. Bc1 Qd6 33. f4 Raa7 34. fxe5
Rxe5 35. Bb2 Rxe4 36. Rxe4 Re7 37. Qa4 Bxb2 38. Qa8+ Kg7 39. Kxb2 Nf4 40. Bc4
Rxe4 41. Qxe4 h6 42. gxh6+ Kxh6 43. Qe8 Qf6+ 44. Kb3 Kg7 45. Ka4 Ng2 46. Qb5
Nxh4 47. Qxc5 Nf5 48. Kxb4 Nd6 49. Qe3 Nxc4 50. Kxc4 Qc6+ 51. Kb3 Qb5+ 52. Kc3
g5 53. Qd4+ f6 54. a4 Qa5+ 55. Kd3 Kg6 1/2-1/2

[Event "2015 Canadian Closed"]
[Site "Guelph, Ontario"]
[Date "2015.07.12"]
[Round "4.15"]
[White "Kiviaho, Robert"]
[Black "Jung, Hans"]
[Result "1-0"]
[WhiteElo "2161"]
[BlackElo "2294"]
[PlyCount "57"]
[EventDate "2015.??.??"]
[SourceDate "2015.07.10"]
[TimeControl "40/5400+30:1800+30"]

1. e4 c5 2. Nf3 d6 3. d4 cxd4 4. Nxd4 Nf6 5. Nc3 a6 6. Bg5 e6 7. f4 h6 8. Bh4
g5 9. fxg5 Nh7 10. Qd2 hxg5 11. Bg3 Nf6 12. Be2 Nh5 13. Bxh5 Rxh5 14. O-O-O g4
15. Kb1 e5 16. Nf5 Bxf5 17. exf5 Nd7 18. Rhf1 Nf6 19. Nd5 Nxd5 20. Qxd5 Qc7 21.
Qe4 Rg5 22. Rd3 Qc6 23. Qe3 Bh6 24. Qe2 Qb5 25. Bf4 Rh5 26. Qxg4 O-O-O 27. Qxh5
Bxf4 28. Qxf7 Kb8 29. Qd5 1-0

[Event "2015 Canadian Closed"]
[Site "Guelph, Ontario"]
[Date "2015.07.12"]
[Round "4.16"]
[White "Filipovich, David"]
[Black "Hamilton, Robert"]
[Result "1/2-1/2"]
[WhiteElo "2198"]
[BlackElo "2279"]
[PlyCount "90"]
[EventDate "2015.??.??"]
[SourceDate "2015.07.10"]
[TimeControl "40/5400+30:1800+30"]

1. Nf3 d5 2. g3 g6 3. Bg2 Bg7 4. O-O e5 5. d3 c5 6. c4 d4 7. e3 Ne7 8. exd4
cxd4 9. Re1 f6 10. b4 O-O 11. Nbd2 Na6 12. Rb1 Rb8 13. a4 b6 14. Ba3 Bb7 15.
Nb3 Nc7 16. b5 Re8 17. a5 Bf8 18. Qd2 Ba8 19. Bb4 Qd7 20. Ra1 Ne6 21. axb6 axb6
22. Ra2 g5 23. Rea1 Bb7 24. Ne1 Nc8 25. Bxf8 Rxf8 26. Qb4 g4 27. h4 gxh3 28.
Bxh3 Qf7 29. c5 Ng5 30. Bg2 Bxg2 31. Kxg2 bxc5 32. Nxc5 Rb6 33. Qc4 Rd8 34. f4
exf4 35. gxf4 Ne6 36. Nxe6 Rxe6 37. Ra8 Ree8 38. Qxf7+ Kxf7 39. Rc1 Nd6 40.
Rxd8 Rxd8 41. b6 Ke6 42. Nf3 Kd5 43. Rb1 Kc5 44. Rc1+ Kd5 45. Rb1 Kc5 1/2-1/2

[Event "2015 Canadian Closed"]
[Site "Guelph, Ontario"]
[Date "2015.07.12"]
[Round "4.17"]
[White "Cai, Jason"]
[Black "Noritsyn, Sergey"]
[Result "0-1"]
[WhiteElo "2254"]
[BlackElo "2090"]
[PlyCount "78"]
[EventDate "2015.??.??"]
[SourceDate "2015.07.10"]
[TimeControl "40/5400+30:1800+30"]

1. e4 d5 2. exd5 Qxd5 3. Nc3 Qa5 4. d4 c6 5. Bd2 Bf5 6. Bc4 e6 7. d5 cxd5 8.
Nxd5 Qd8 9. Qe2 Nc6 10. O-O-O Nge7 11. Ne3 Bg6 12. Nf3 Qc7 13. Bc3 a6 14. a4
Na5 15. Ba2 Nac6 16. Kb1 Rc8 17. Nd2 Nf5 18. Nd5 Qb8 19. Nb6 Nfd4 20. Qg4 Bxc2+
21. Ka1 Bf5 22. Qg5 h6 23. Qg3 Bd6 24. Qh4 g5 25. Qh5 Nc2+ 26. Kb1 N6b4 27.
Bxb4 Nxb4+ 28. Ka1 Nc2+ 29. Kb1 Ne3+ 30. Ka1 Bg4 31. Qxg4 Nxg4 32. Nxc8 Qxc8
33. Ne4 Be5 34. Rc1 Qb8 35. f3 Nf6 36. Bb1 Nxe4 37. Bxe4 f5 38. Bb1 O-O 39. Ba2
Re8 0-1

[Event "2015 Canadian Closed"]
[Site "Guelph, Ontario"]
[Date "2015.07.12"]
[Round "4.18"]
[White "Chen, Richard"]
[Black "Zhong, Joey"]
[Result "1-0"]
[WhiteElo "2297"]
[BlackElo "2114"]
[PlyCount "40"]
[EventDate "2015.??.??"]
[SourceDate "2015.07.10"]
[TimeControl "40/5400+30:1800+30"]

1. e4 e5 2. Nf3 Nc6 3. d4 exd4 4. Nxd4 Bc5 5. Be3 Qf6 6. c3 Nge7 7. Bc4 O-O 8.
O-O b6 9. f4 d5 10. exd5 Na5 11. Bd3 Nxd5 12. Qh5 Rd8 13. Qxh7+ Kf8 14. Bf2
Nxf4 15. Nd2 Qg5 16. Be1 Bb7 17. Bh4 Bxd4+ 18. cxd4 Ne2+ 19. Kh1 Qh6 20. Qxh6
gxh6 1-0